[Event "Liga Madrileña - DH 2016-2017"]
[Site "Madrid ESP"]
[Date "2016.11.27"]
[Round "2.31"]
[White "Candela Perez, Jose"]
[Black "Martinez Reyes, Pedro Ramon"]
[Result "1/2-1/2"]
[WhiteElo "2400"]
[BlackElo "2371"]
[PlyCount "72"]
[EventDate "2016.11.20"]
[EventType "team-tourn"]
[EventRounds "14"]
[EventCountry "ESP"]
[SourceTitle "Ajedrez en Madrid"]
[Source "lmi"]
[SourceDate "2016.11.20"]
[WhiteTeam "La Casa del Ajedrez"]
[BlackTeam "Blanco y Negro"]
[WhiteTeamCountry "ESP"]
[BlackTeamCountry "ESP"]

1. d4 d5 2. c4 e6 3. Nc3 Be7 4. Nf3 Nf6 5. Bg5 O-O 6. e3 Nbd7 7. cxd5 exd5 8.
Bd3 c6 9. O-O Re8 10. Qc2 Nf8 11. h3 g6 12. Rfd1 Ne6 13. Bh4 Ng7 14. Rab1 Bf5
15. b4 a6 16. a4 Bxd3 17. Rxd3 Nf5 18. Bxf6 Bxf6 19. b5 axb5 20. axb5 Qa5 21.
Nd2 Be7 22. Nb3 Qb6 23. bxc6 bxc6 24. Nc5 Qa5 25. Nb7 Qa6 26. Ne2 Ra7 27. Rdb3
Qa4 28. Qc3 Rb8 29. Nf4 Nd6 30. Nc5 Rxb3 31. Qxb3 Qxb3 32. Rxb3 Nb5 33. Nfd3
Ra1+ 34. Kh2 Bd6+ 35. g3 h5 36. Kg2 Kf8 1/2-1/2

[Event "Liga Madrileña - DH 2016-2017"]
[Site "Madrid ESP"]
[Date "2016.11.27"]
[Round "2.32"]
[White "Bolado Saez, Sergio"]
[Black "Suarez Uriel, Adrian"]
[Result "1-0"]
[WhiteElo "2370"]
[BlackElo "2354"]
[PlyCount "69"]
[EventDate "2016.11.20"]
[EventType "team-tourn"]
[EventRounds "14"]
[EventCountry "ESP"]
[SourceTitle "Ajedrez en Madrid"]
[Source "lmi"]
[SourceDate "2016.11.20"]
[WhiteTeam "Blanco y Negro"]
[BlackTeam "La Casa del Ajedrez"]
[WhiteTeamCountry "ESP"]
[BlackTeamCountry "ESP"]

1. e4 c5 2. Nf3 d6 3. d4 Nf6 4. Bb5+ Bd7 5. Bxd7+ Qxd7 6. Nc3 cxd4 7. Qxd4 Nc6
8. Qd3 g6 9. O-O Bg7 10. Rd1 Ng4 11. Qe2 O-O 12. h3 Nge5 13. Nxe5 Bxe5 14. Nd5
Rac8 15. c3 Bg7 16. Bg5 Rfe8 17. f4 Qe6 18. Qf3 f5 19. exf5 gxf5 20. Rd2 Qf7
21. g4 fxg4 22. Qxg4 Kh8 23. Re1 e6 24. Ne3 h6 25. Qh4 Qg6 26. Rg2 Rg8 27. Ng4
Kh7 28. Bxh6 Bxh6 29. Nf6+ Qxf6 30. Qxf6 Rcf8 31. Qxe6 Rxg2+ 32. Kxg2 Bxf4 33.
Kh1 Ne5 34. Qe7+ Rf7 35. Rxe5 1-0

[Event "Liga Madrileña - DH 2016-2017"]
[Site "Madrid ESP"]
[Date "2016.11.27"]
[Round "2.33"]
[White "Gallego Jimenez, Victoriano"]
[Black "Alarcia Astiz, Carlos"]
[Result "1/2-1/2"]
[WhiteElo "2364"]
[BlackElo "2331"]
[PlyCount "44"]
[EventDate "2016.11.20"]
[EventType "team-tourn"]
[EventRounds "14"]
[EventCountry "ESP"]
[SourceTitle "Ajedrez en Madrid"]
[Source "lmi"]
[SourceDate "2016.11.20"]
[WhiteTeam "La Casa del Ajedrez"]
[BlackTeam "Blanco y Negro"]
[WhiteTeamCountry "ESP"]
[BlackTeamCountry "ESP"]

1. d4 d5 2. c4 c6 3. Nf3 Nf6 4. Qc2 e6 5. Nbd2 Be7 6. e4 dxe4 7. Nxe4 Nbd7 8.
Bd3 Nxe4 9. Bxe4 Nf6 10. Bd3 c5 11. dxc5 Bxc5 12. O-O h6 13. b4 Be7 14. Bb2 O-O
15. Rad1 Qe8 16. Bc3 b6 17. Be4 Rb8 18. Ne5 Nxe4 19. Qxe4 Bf6 20. Qe3 Rb7 21.
b5 Bxe5 22. Qxe5 f6 1/2-1/2

[Event "Liga Madrileña - DH 2016-2017"]
[Site "Madrid ESP"]
[Date "2016.11.27"]
[Round "2.34"]
[White "Renteria Becerra, Jorge Elicer"]
[Black "Bass, Leonid"]
[Result "1/2-1/2"]
[WhiteElo "2226"]
[BlackElo "2368"]
[PlyCount "33"]
[EventDate "2016.11.20"]
[EventType "team-tourn"]
[EventRounds "14"]
[EventCountry "ESP"]
[SourceTitle "Ajedrez en Madrid"]
[Source "lmi"]
[SourceDate "2016.11.20"]
[WhiteTeam "Blanco y Negro"]
[BlackTeam "La Casa del Ajedrez"]
[WhiteTeamCountry "ESP"]
[BlackTeamCountry "ESP"]

1. e4 c6 2. d4 d5 3. e5 Bf5 4. h4 h5 5. Bg5 Qb6 6. Bd3 Bxd3 7. Qxd3 e6 8. Nd2
Ne7 9. Ngf3 Nf5 10. O-O Qa6 11. c4 dxc4 12. Nxc4 Nd7 13. Qc2 Nb6 14. Ne3 Ne7
15. Nd2 Ned5 16. a3 Rc8 17. b4 1/2-1/2

[Event "Liga Madrileña - DH 2016-2017"]
[Site "Madrid ESP"]
[Date "2016.11.27"]
[Round "2.35"]
[White "Guadamuro Torrente, Anabel"]
[Black "Beltran de Heredia Eguiaz, Miguel Angel"]
[Result "1/2-1/2"]
[WhiteElo "2130"]
[BlackElo "2224"]
[PlyCount "85"]
[EventDate "2016.11.20"]
[EventType "team-tourn"]
[EventRounds "14"]
[EventCountry "ESP"]
[SourceTitle "Ajedrez en Madrid"]
[Source "lmi"]
[SourceDate "2016.11.20"]
[WhiteTeam "La Casa del Ajedrez"]
[BlackTeam "Blanco y Negro"]
[WhiteTeamCountry "ESP"]
[BlackTeamCountry "ESP"]

1. e4 c5 2. d3 Nc6 3. g3 g6 4. Bg2 Bg7 5. f4 d6 6. Nf3 e6 7. c3 Nge7 8. Be3 b6
9. O-O O-O 10. Re1 Ba6 11. d4 Rc8 12. Nbd2 Na5 13. Nh4 cxd4 14. Bxd4 Bxd4+ 15.
cxd4 Nec6 16. d5 exd5 17. exd5 Nb4 18. Be4 Qf6 19. Ndf3 Qxb2 20. f5 Nxa2 21.
Ng5 Nc3 22. Qg4 Nxe4 23. Nxe4 Qd4+ 24. Kh1 Bd3 25. Rad1 Bxe4+ 26. Rxe4 Qg7 27.
Rf1 Kh8 28. f6 Qh6 29. Rfe1 Rc1 30. Qd7 Nc4 31. Qe7 Rxe1+ 32. Rxe1 Kg8 33. Nf3
Qh5 34. Qe4 Ne5 35. Nxe5 Qxe5 36. Qxe5 dxe5 37. Rxe5 Rd8 38. Re7 h6 39. Rxa7
Rxd5 40. Ra8+ Kh7 41. Ra7 g5 42. Rxf7+ Kg6 43. Rb7 1/2-1/2

[Event "Liga Madrileña - DH 2016-2017"]
[Site "Madrid ESP"]
[Date "2016.11.27"]
[Round "2.36"]
[White "Hidalgo Duque, Carlos"]
[Black "Collado Barbas, Laura"]
[Result "1-0"]
[WhiteElo "2145"]
[BlackElo "2096"]
[PlyCount "71"]
[EventDate "2016.11.20"]
[EventType "team-tourn"]
[EventRounds "14"]
[EventCountry "ESP"]
[SourceTitle "Ajedrez en Madrid"]
[Source "lmi"]
[SourceDate "2016.11.20"]
[WhiteTeam "Blanco y Negro"]
[BlackTeam "La Casa del Ajedrez"]
[WhiteTeamCountry "ESP"]
[BlackTeamCountry "ESP"]

1. d4 d5 2. c4 e6 3. Nf3 c6 4. e3 Nd7 5. b3 f5 6. Bd3 Nh6 7. O-O Qf6 8. Bb2 Bd6
9. Qc1 O-O 10. Ba3 Bxa3 11. Qxa3 Nf7 12. Nbd2 g5 13. Rfd1 g4 14. Ne1 Qh6 15.
Nf1 Nf6 16. b4 Bd7 17. Qb3 Ng5 18. b5 Kh8 19. cxd5 cxd5 20. Rac1 Nfe4 21. Qb2
Qh4 22. Rc7 Be8 23. Rdc1 Nd6 24. Qb4 Nge4 25. R1c2 Rg8 26. Bxe4 Nxe4 27. Nd3
Ng5 28. Qe7 Qh6 29. Rxb7 Rf8 30. Rcc7 Rf7 31. Qd6 Rxc7 32. Qxc7 Kg8 33. Rxa7
Rxa7 34. Qxa7 Ne4 35. b6 Nd6 36. b7 1-0

[Event "Liga Madrileña - DH 2016-2017"]
[Site "Madrid ESP"]
[Date "2016.11.27"]
[Round "2.41"]
[White "Vazquez Igarza, Renier"]
[Black "Moreno Ibanez, Miguel"]
[Result "1-0"]
[WhiteElo "2566"]
[BlackElo "2286"]
[PlyCount "77"]
[EventDate "2016.11.20"]
[EventType "team-tourn"]
[EventRounds "14"]
[EventCountry "ESP"]
[SourceTitle "Ajedrez en Madrid"]
[Source "lmi"]
[SourceDate "2016.11.20"]
[WhiteTeam "Collado Villalba"]
[BlackTeam "Pueblo Nuevo"]
[WhiteTeamCountry "ESP"]
[BlackTeamCountry "ESP"]

1. d4 Nf6 2. c4 c5 3. d5 g6 4. Nc3 Bg7 5. Nf3 O-O 6. e4 d6 7. h3 e6 8. Bd3 Re8
9. O-O Na6 10. dxe6 Bxe6 11. Re1 Qb6 12. a3 Rad8 13. Rb1 Nb8 14. b4 Qa6 15. Nb5
Rc8 16. Bf4 Red8 17. Nxd6 Rxd6 18. Bxd6 Qxd6 19. e5 Qc7 20. exf6 Bxf6 21. Qc1
cxb4 22. axb4 Nc6 23. Ng5 Bd7 24. Ne4 Bd4 25. Qg5 Kg7 26. b5 Nd8 27. Qd5 Ne6
28. Nd6 Qb6 29. Nxc8 Bxf2+ 30. Kh1 Bxc8 31. Rf1 Qe3 32. Qe4 Qg3 33. Qe2 Bd4 34.
Qf3 Qxf3 35. Rxf3 f5 36. Re1 Kf6 37. Bc2 Bd7 38. Rd3 Bf2 39. Re2 1-0

[Event "Liga Madrileña - DH 2016-2017"]
[Site "Madrid ESP"]
[Date "2016.11.27"]
[Round "2.42"]
[White "Fernandez Lledo, Javier"]
[Black "Moreno Ruiz, Javier"]
[Result "1-0"]
[WhiteElo "2239"]
[BlackElo "2448"]
[PlyCount "77"]
[EventDate "2016.11.20"]
[EventType "team-tourn"]
[EventRounds "14"]
[EventCountry "ESP"]
[SourceTitle "Ajedrez en Madrid"]
[Source "lmi"]
[SourceDate "2016.11.20"]
[WhiteTeam "Pueblo Nuevo"]
[BlackTeam "Collado Villalba"]
[WhiteTeamCountry "ESP"]
[BlackTeamCountry "ESP"]

1. e4 c5 2. Nf3 g6 3. Nc3 Bg7 4. Bc4 Nc6 5. O-O d6 6. Re1 Nf6 7. h3 O-O 8. Nd5
e6 9. Nxf6+ Bxf6 10. c3 d5 11. Bb5 dxe4 12. Rxe4 Qb6 13. Qe2 Bd7 14. Ba4 Rad8
15. d3 Bg7 16. Bg5 Rde8 17. Qd2 f6 18. Be3 Nb8 19. Bb3 Qc6 20. Re1 Na6 21. Bf4
Kh8 22. Bh6 Nc7 23. Rh4 Re7 24. d4 g5 25. d5 Qd6 26. Bxg5 fxg5 27. Nxg5 Bf6 28.
Ne4 Qe5 29. Qh6 Rg7 30. Rh5 Nxd5 31. Rxe5 Bxe5 32. Nxc5 Bf4 33. Qh4 Bg5 34. Qd4
Bf6 35. Qe4 Bc6 36. Nxe6 Nxc3 37. Qxc6 bxc6 38. Nxf8 Nb5 39. Re8 1-0

[Event "Liga Madrileña - DH 2016-2017"]
[Site "Madrid ESP"]
[Date "2016.11.27"]
[Round "2.43"]
[White "Gascon del Nogal, Jose Rafael"]
[Black "Baigorri Navarro, Francisco Javier"]
[Result "1-0"]
[WhiteElo "2442"]
[BlackElo "2192"]
[PlyCount "91"]
[EventDate "2016.11.20"]
[EventType "team-tourn"]
[EventRounds "14"]
[EventCountry "ESP"]
[SourceTitle "Ajedrez en Madrid"]
[Source "lmi"]
[SourceDate "2016.11.20"]
[WhiteTeam "Collado Villalba"]
[BlackTeam "Pueblo Nuevo"]
[WhiteTeamCountry "ESP"]
[BlackTeamCountry "ESP"]

1. e4 e5 2. Nf3 Nf6 3. d4 Nxe4 4. Bd3 d5 5. Nxe5 Nd7 6. Nxd7 Bxd7 7. O-O Bd6 8.
c4 c6 9. cxd5 cxd5 10. Nc3 Nxc3 11. bxc3 O-O 12. Qh5 g6 13. Qxd5 Qc7 14. h4 Be6
15. Qf3 Qxc3 16. Bh6 Rfd8 17. Bg5 Bd5 18. Be4 Qxf3 19. Bxf3 Bxf3 20. Bxd8 Bxg2
21. Kxg2 Rxd8 22. Rab1 b6 23. h5 g5 24. Rb5 Bf4 25. Re1 Kf8 26. Re4 Rd6 27. a4
a6 28. Rf5 Rh6 29. Rd5 Rd6 30. Rxd6 Bxd6 31. Kf3 b5 32. a5 h6 33. d5 Bc7 34.
Re2 b4 35. Re4 Bd6 36. Ke3 Be7 37. f3 Bd6 38. Kd3 Be7 39. Re2 Bd6 40. Rc2 Ke7
41. Rc6 f5 42. Rxa6 g4 43. fxg4 fxg4 44. Ra7+ Kf6 45. Rb7 g3 46. Ke2 1-0

[Event "Liga Madrileña - DH 2016-2017"]
[Site "Madrid ESP"]
[Date "2016.11.27"]
[Round "2.44"]
[White "Iturbide Arnedo, Oscar"]
[Black "Martin Duque, Jesus"]
[Result "0-1"]
[WhiteElo "2182"]
[BlackElo "2312"]
[PlyCount "108"]
[EventDate "2016.11.20"]
[EventType "team-tourn"]
[EventRounds "14"]
[EventCountry "ESP"]
[SourceTitle "Ajedrez en Madrid"]
[Source "lmi"]
[SourceDate "2016.11.20"]
[WhiteTeam "Pueblo Nuevo"]
[BlackTeam "Collado Villalba"]
[WhiteTeamCountry "ESP"]
[BlackTeamCountry "ESP"]

1. e4 e6 2. d4 d5 3. Nd2 Be7 4. Bd3 c5 5. dxc5 Nf6 6. Qe2 O-O 7. Ngf3 a5 8. O-O
Na6 9. e5 Nd7 10. c3 Naxc5 11. Bc2 b6 12. Re1 Ba6 13. Qe3 Qc7 14. Nd4 Bb7 15.
Qh3 g6 16. f4 Rfe8 17. N2f3 Ne4 18. Be3 a4 19. a3 Ndc5 20. g4 f6 21. Rad1 fxe5
22. fxe5 Rf8 23. g5 Qc8 24. Qg4 Rf7 25. h4 Qd7 26. Re2 Raf8 27. Rg2 Rg7 28. Nd2
Bd8 29. N2f3 Bc7 30. Bf4 Ba6 31. Be3 Bb8 32. Bb1 Bc4 33. Bc2 Re8 34. Kh1 Bc7
35. Kg1 Qc8 36. Bf4 Qa6 37. Nd2 Rf7 38. Nxe4 dxe4 39. Be3 Bd5 40. h5 Bxe5 41.
Rf2 Rxf2 42. Bxf2 Rf8 43. hxg6 hxg6 44. Bg3 Bg7 45. Ne2 Nd3 46. Nf4 Ne5 47. Qh3
Nf3+ 48. Kh1 Nxg5 49. Qg4 Rxf4 50. Bxf4 e3+ 51. Rxd5 Qf1+ 52. Qg1 e2 53. Rd8+
Bf8 54. Bd2 Nf3 0-1

[Event "Liga Madrileña - DH 2016-2017"]
[Site "Madrid ESP"]
[Date "2016.11.27"]
[Round "2.45"]
[White "Ortega Ruiz, Jose Miguel"]
[Black "Nieto de la Cruz, Julio"]
[Result "1-0"]
[WhiteElo "2233"]
[BlackElo "2144"]
[PlyCount "65"]
[EventDate "2016.11.20"]
[EventType "team-tourn"]
[EventRounds "14"]
[EventCountry "ESP"]
[SourceTitle "Ajedrez en Madrid"]
[Source "lmi"]
[SourceDate "2016.11.20"]
[WhiteTeam "Collado Villalba"]
[BlackTeam "Pueblo Nuevo"]
[WhiteTeamCountry "ESP"]
[BlackTeamCountry "ESP"]

1. d4 Nf6 2. c4 c5 3. d5 b5 4. Nf3 g6 5. cxb5 a6 6. e3 axb5 7. Bxb5 Qa5+ 8. Nc3
Bg7 9. Nd2 O-O 10. Nc4 Qc7 11. O-O d6 12. e4 Bg4 13. Qd3 Na6 14. a3 Nb4 15. Qb1
Rfb8 16. Be3 e6 17. f3 exd5 18. fxg4 dxc4 19. Bxc4 Nc6 20. g5 Ng4 21. Rxf7 Qxf7
22. Bxf7+ Kxf7 23. Qa2+ Ke7 24. Nd5+ Kd7 25. Rf1 Rxb2 26. Qc4 Nce5 27. Qc1 Rxa3
28. Qxb2 Nf3+ 29. gxf3 Bxb2 30. fxg4 Ke6 31. Rf8 c4 32. Rc8 c3 33. Rc7 1-0

[Event "Liga Madrileña - DH 2016-2017"]
[Site "Madrid ESP"]
[Date "2016.11.27"]
[Round "2.46"]
[White "Barez Menendez, Hector"]
[Black "Collazo Hidalgo Gato, Niala"]
[Result "0-1"]
[WhiteElo "2142"]
[BlackElo "2225"]
[PlyCount "90"]
[EventDate "2016.11.20"]
[EventType "team-tourn"]
[EventRounds "14"]
[EventCountry "ESP"]
[SourceTitle "Ajedrez en Madrid"]
[Source "lmi"]
[SourceDate "2016.11.20"]
[WhiteTeam "Pueblo Nuevo"]
[BlackTeam "Collado Villalba"]
[WhiteTeamCountry "ESP"]
[BlackTeamCountry "ESP"]

1. Nf3 g6 2. d4 Bg7 3. c4 d6 4. g3 Nf6 5. Bg2 O-O 6. O-O Nbd7 7. Nc3 e5 8. e4
Re8 9. h3 a6 10. Be3 exd4 11. Nxd4 Rb8 12. b3 c5 13. Nde2 b5 14. cxb5 axb5 15.
Qxd6 b4 16. Na4 Nxe4 17. Bxe4 Rxe4 18. Rad1 Qe8 19. Nxc5 Rxe3 20. Nxd7 Bxd7 21.
fxe3 Bxh3 22. Rf2 Be5 23. Qd3 Bc7 24. Nf4 Rd8 25. Qe2 Rxd1+ 26. Qxd1 Qxe3 27.
Qf3 Qe1+ 28. Kh2 Bg4 29. Nd3 Bxf3 30. Nxe1 Be4 31. Rd2 h5 32. Rd4 f5 33. Ng2 g5
34. Rxb4 h4 35. Rxe4 Bxg3+ 36. Kh3 fxe4 37. a4 Bf2 38. a5 e3 39. a6 e2 40. Ne1
Kg7 41. Kg2 Bxe1 42. a7 Bc3 43. a8=Q e1=Q 44. Qb7+ Kg6 45. Qc6+ Bf6 0-1

[Event "Liga Madrileña - DH 2016-2017"]
[Site "Madrid ESP"]
[Date "2016.12.11"]
[Round "3.11"]
[White "Martinez Reyes, Pedro Ramon"]
[Black "Almagro Llamas, Pablo"]
[Result "1/2-1/2"]
[WhiteElo "2371"]
[BlackElo "2446"]
[PlyCount "96"]
[EventDate "2016.11.20"]
[EventType "team-tourn"]
[EventRounds "14"]
[EventCountry "ESP"]
[SourceTitle "Ajedrez en Madrid"]
[Source "lmi"]
[SourceDate "2016.11.20"]
[WhiteTeam "Blanco y Negro"]
[BlackTeam "Virgen de Atocha"]
[WhiteTeamCountry "ESP"]
[BlackTeamCountry "ESP"]

1. d4 Nf6 2. c4 e6 3. g3 d5 4. Bg2 Be7 5. Nf3 O-O 6. Qc2 c5 7. dxc5 Na6 8. Be3
Bxc5 9. Bxc5 Nxc5 10. cxd5 Qa5+ 11. Qc3 Qb6 12. O-O Nxd5 13. Qd4 Bd7 14. Nbd2
Rac8 15. Nc4 Qa6 16. Rfc1 Bb5 17. Ne3 Nxe3 18. Qxe3 Qb6 19. b4 Na4 20. Qxb6
Nxb6 21. Nd4 Rxc1+ 22. Rxc1 Bc4 23. a4 Bd5 24. e4 Ba2 25. a5 Nc4 26. Bf1 Nd2
27. Rc2 Nxf1 28. Rxa2 Rd8 29. a6 bxa6 30. Nc6 Rd1 31. Kg2 Nd2 32. e5 g5 33. h3
h5 34. g4 hxg4 35. hxg4 Nc4 36. Rxa6 Re1 37. Rxa7 Nxe5 38. Nxe5 Rxe5 39. Ra5
Re4 40. Rxg5+ Kf8 41. b5 Rb4 42. Kf3 f5 43. gxf5 Rxb5 44. Kg4 Rb4+ 45. Kh5 exf5
46. Rxf5+ Kg7 47. f4 Rb1 48. Rc5 Kf6 1/2-1/2

[Event "Liga Madrileña - DH 2016-2017"]
[Site "Madrid ESP"]
[Date "2016.12.11"]
[Round "3.12"]
[White "Espinosa Aranda, Angel"]
[Black "Alarcia Astiz, Carlos"]
[Result "1-0"]
[WhiteElo "2442"]
[BlackElo "2331"]
[PlyCount "109"]
[EventDate "2016.11.20"]
[EventType "team-tourn"]
[EventRounds "14"]
[EventCountry "ESP"]
[SourceTitle "Ajedrez en Madrid"]
[Source "lmi"]
[SourceDate "2016.11.20"]
[WhiteTeam "Virgen de Atocha"]
[BlackTeam "Blanco y Negro"]
[WhiteTeamCountry "ESP"]
[BlackTeamCountry "ESP"]

1. d4 d5 2. Nf3 Nf6 3. g3 e6 4. Bg2 c5 5. O-O Nc6 6. c4 dxc4 7. Qa4 Bd7 8. dxc5
Bxc5 9. Qxc4 Be7 10. Nc3 O-O 11. Rd1 Rc8 12. Be3 a6 13. Qd3 Nb4 14. Qb1 Qa5 15.
a3 Nbd5 16. Bd2 Qb6 17. Ne5 Bc6 18. Nxc6 bxc6 19. Qc2 Rb8 20. Na4 Qb5 21. e3
Rfc8 22. Bf1 Qb7 23. b4 Nd7 24. e4 N5f6 25. Bf4 e5 26. Be3 Ng4 27. Bc5 Nxc5 28.
Nxc5 Bxc5 29. Qxc5 Nf6 30. Qxe5 c5 31. bxc5 Nd7 32. c6 Qxc6 33. Qd6 Nc5 34.
Qxc6 Rxc6 35. Rac1 Rcc8 36. Bh3 Rc7 37. Rc4 Kf8 38. a4 Rb6 39. Rdc1 Re7 40.
Rxc5 Rxe4 41. Rc8+ Re8 42. a5 Rd6 43. Bf1 Rd5 44. Rxe8+ Kxe8 45. Ra1 Rd6 46.
Kg2 Kd7 47. Rb1 Rd5 48. Rb7+ Ke8 49. Bxa6 Rxa5 50. Bc4 Rf5 51. f4 h6 52. Kf3
Rf6 53. Ke4 Kf8 54. Ke5 Kg8 55. Rb8+ 1-0

[Event "Liga Madrileña - DH 2016-2017"]
[Site "Madrid ESP"]
[Date "2016.12.11"]
[Round "3.13"]
[White "Beltran de Heredia Eguiaz, Miguel Angel"]
[Black "Plazuelo Pascual, Juan"]
[Result "1/2-1/2"]
[WhiteElo "2224"]
[BlackElo "2307"]
[PlyCount "57"]
[EventDate "2016.11.20"]
[EventType "team-tourn"]
[EventRounds "14"]
[EventCountry "ESP"]
[SourceTitle "Ajedrez en Madrid"]
[Source "lmi"]
[SourceDate "2016.11.20"]
[WhiteTeam "Blanco y Negro"]
[BlackTeam "Virgen de Atocha"]
[WhiteTeamCountry "ESP"]
[BlackTeamCountry "ESP"]

1. e4 c5 2. Nf3 e6 3. d4 cxd4 4. Nxd4 Nc6 5. Nc3 Qc7 6. Be3 a6 7. Qd2 Nf6 8.
O-O-O Be7 9. f3 b5 10. g4 Nxd4 11. Qxd4 Bb7 12. h4 Rc8 13. Rd2 h6 14. Rg1 Bc5
15. Qxc5 Qxc5 16. Bxc5 Rxc5 17. a3 Ke7 18. Bd3 g5 19. Rh2 Rg8 20. hxg5 hxg5 21.
Re1 d6 22. Ne2 Re5 23. Ng3 d5 24. Rhe2 Rh8 25. exd5 Rxe2 26. Rxe2 Bxd5 27. Ne4
Bxe4 28. Bxe4 Nxe4 29. Rxe4 1/2-1/2

[Event "Liga Madrileña - DH 2016-2017"]
[Site "Madrid ESP"]
[Date "2016.12.11"]
[Round "3.14"]
[White "Quispe Arteaga, Gabriel"]
[Black "Shen, Yue"]
[Result "1-0"]
[WhiteElo "2270"]
[BlackElo "2223"]
[PlyCount "107"]
[EventDate "2016.11.20"]
[EventType "team-tourn"]
[EventRounds "14"]
[EventCountry "ESP"]
[SourceTitle "Ajedrez en Madrid"]
[Source "lmi"]
[SourceDate "2016.11.20"]
[WhiteTeam "Virgen de Atocha"]
[BlackTeam "Blanco y Negro"]
[WhiteTeamCountry "ESP"]
[BlackTeamCountry "ESP"]

1. d4 d5 2. c4 c6 3. e3 Nf6 4. Nf3 Bf5 5. cxd5 cxd5 6. Qb3 Qb6 7. Bb5+ Bd7 8.
Nc3 e6 9. Bd2 a6 10. Ba4 Qxb3 11. Bxb3 Bd6 12. O-O Bc6 13. Rfc1 Nbd7 14. Na4
Bxa4 15. Bxa4 Ke7 16. Kf1 b5 17. Bd1 Nb6 18. b3 Nbd7 19. Rc6 Nb8 20. Rc2 Nbd7
21. Rc6 Nb8 22. Rc2 Ne4 23. Be1 Nd7 24. Rc6 Ba3 25. Nd2 Rhc8 26. Rc2 Nb6 27. g3
f6 28. Nf3 Kd6 29. Ba5 Nd7 30. Nd2 b4 31. Nxe4+ dxe4 32. Rc4 Rab8 33. Be2 f5
34. Rd1 Nf6 35. Rd2 Nd5 36. Rdc2 Rxc4 37. bxc4 Nc3 38. c5+ Kc6 39. Bc4 e5 40.
Bb6 exd4 41. exd4 Nd5 42. Bxd5+ Kxd5 43. c6 Rc8 44. c7 g6 45. Ke2 Kd6 46. Ke3
Kd7 47. Ba5 b3 48. axb3 Bd6 49. d5 Bxc7 50. Bxc7 Rxc7 51. Rxc7+ Kxc7 52. Kd4
Kd6 53. g4 a5 54. g5 1-0

[Event "Liga Madrileña - DH 2016-2017"]
[Site "Madrid ESP"]
[Date "2016.12.11"]
[Round "3.15"]
[White "Hidalgo Duque, Carlos"]
[Black "Vazquez Torres, Adrian"]
[Result "1-0"]
[WhiteElo "2145"]
[BlackElo "2223"]
[PlyCount "99"]
[EventDate "2016.11.20"]
[EventType "team-tourn"]
[EventRounds "14"]
[EventCountry "ESP"]
[SourceTitle "Ajedrez en Madrid"]
[Source "lmi"]
[SourceDate "2016.11.20"]
[WhiteTeam "Blanco y Negro"]
[BlackTeam "Virgen de Atocha"]
[WhiteTeamCountry "ESP"]
[BlackTeamCountry "ESP"]

1. Nf3 Nf6 2. c4 c5 3. Nc3 a6 4. d4 cxd4 5. Nxd4 g6 6. e4 d6 7. Be2 Bg7 8. Be3
Nbd7 9. Qd2 Nc5 10. f3 Ne6 11. Rc1 O-O 12. b3 Re8 13. O-O Qa5 14. Rfd1 Nxd4 15.
Bxd4 Be6 16. Be3 Rac8 17. Rc2 Nd7 18. Nd5 Qxd2 19. Rdxd2 Bxd5 20. cxd5 Bc3 21.
Rd3 Bd4 22. Rxc8 Bxe3+ 23. Rxe3 Rxc8 24. Bd1 Rc1 25. Rd3 b5 26. Kf2 b4 27. Ke2
Nc5 28. Rd2 Kg7 29. Bc2 Kf6 30. Ke3 Ra1 31. Bd1 Rc1 32. Bc2 Nd7 33. Kd4 Nb6 34.
f4 e5+ 35. fxe5+ dxe5+ 36. Kc5 Nd7+ 37. Kd6 Nf8 38. Rf2+ Kg7 39. Ke7 f6 40. d6
Ra1 41. Rxf6 Nd7 42. Kxd7 Kxf6 43. Ke8 Rf1 44. d7 Kg7 45. d8=Q Rf8+ 46. Ke7
Rxd8 47. Kxd8 Kf6 48. h4 g5 49. g3 gxh4 50. gxh4 1-0

[Event "Liga Madrileña - DH 2016-2017"]
[Site "Madrid ESP"]
[Date "2016.12.11"]
[Round "3.16"]
[White "Rodrigo Yanguas, Maria"]
[Black "Herranz Sanchez, Pablo"]
[Result "1-0"]
[WhiteElo "2096"]
[BlackElo "1965"]
[PlyCount "129"]
[EventDate "2016.11.20"]
[EventType "team-tourn"]
[EventRounds "14"]
[EventCountry "ESP"]
[SourceTitle "Ajedrez en Madrid"]
[Source "lmi"]
[SourceDate "2016.11.20"]
[WhiteTeam "Virgen de Atocha"]
[BlackTeam "Blanco y Negro"]
[WhiteTeamCountry "ESP"]
[BlackTeamCountry "ESP"]

1. e4 c5 2. Nf3 e6 3. d4 cxd4 4. Nxd4 a6 5. Nc3 Qc7 6. Be2 Nf6 7. O-O b5 8. Bf3
Nc6 9. e5 Ng8 10. Bf4 Bb7 11. h4 Nxd4 12. Bxb7 Qxb7 13. Qxd4 Ne7 14. Be3 Nf5
15. Qf4 Be7 16. Ne4 Nxh4 17. Qxh4 d5 18. Nd6+ Bxd6 19. exd6 O-O 20. Bd4 f6 21.
Rfd1 Qc6 22. Bc3 a5 23. Rd3 b4 24. Bd2 Qxc2 25. Qd4 Qc6 26. a3 Qxd6 27. axb4
axb4 28. Rxa8 Rxa8 29. Rg3 e5 30. Qg4 Ra7 31. Bxb4 Qd7 32. Qf3 Qe6 33. Bc5 Rc7
34. b4 Kf7 35. Qh5+ Kg8 36. Rh3 g6 37. Qh6 Qf7 38. Ra3 Qe8 39. Qd2 Qc6 40. Qh6
Qe8 41. Ra6 Rf7 42. Qd2 Qc8 43. Qa2 Kg7 44. Ra8 Qc6 45. Ra6 Qc8 46. Ra7 Qc6 47.
Rxf7+ Kxf7 48. Qa7+ Ke6 49. Qxh7 Qe8 50. Qc7 d4 51. g4 Qa4 52. Qd6+ Kf7 53.
Qf8+ Ke6 54. Qg8+ Kd7 55. Qf7+ Kc8 56. Qe6+ Kb7 57. Qf7+ Kc8 58. Qxg6 Qd1+ 59.
Kg2 d3 60. Qe8+ Kc7 61. Qe7+ Kc8 62. Qe6+ Kc7 63. Bd6+ Kb7 64. Qd7+ Kb6 65.
Bc5+ 1-0

[Event "Liga Madrileña - DH 2016-2017"]
[Site "Madrid ESP"]
[Date "2016.12.11"]
[Round "3.21"]
[White "Moreno Ibanez, Miguel"]
[Black "Candela Perez, Jose"]
[Result "1-0"]
[WhiteElo "2286"]
[BlackElo "2400"]
[PlyCount "77"]
[EventDate "2016.11.20"]
[EventType "team-tourn"]
[EventRounds "14"]
[EventCountry "ESP"]
[SourceTitle "Ajedrez en Madrid"]
[Source "lmi"]
[SourceDate "2016.11.20"]
[WhiteTeam "Pueblo Nuevo"]
[BlackTeam "La Casa del Ajedrez"]
[WhiteTeamCountry "ESP"]
[BlackTeamCountry "ESP"]

1. e4 c5 2. Nf3 e6 3. d4 cxd4 4. Nxd4 Nc6 5. Nc3 Qc7 6. g3 a6 7. Bg2 Nf6 8. O-O
Be7 9. a4 O-O 10. Nb3 b6 11. f4 d6 12. g4 Bb7 13. g5 Nd7 14. f5 Rfe8 15. Qh5
Nde5 16. Qh3 Qd7 17. Be3 Nc4 18. f6 Bf8 19. fxg7 Bxg7 20. Nd5 Nxe3 21. Nf6+
Bxf6 22. gxf6 Kh8 23. Qxe3 Rg8 24. Kh1 Ne5 25. Rad1 Qxa4 26. Rf4 Ng6 27. Rg4
Rac8 28. Qg3 Rxc2 29. h4 Rc5 30. Rg1 Rh5 31. e5 Bxg2+ 32. Rxg2 Qc6 33. exd6 Rd8
34. Rd4 e5 35. Rd1 Rxd6 36. Rc1 Qd7 37. Qf3 e4 38. Qxh5 Nf4 39. Qg4 1-0